Estimating for Civil Engineers / (Record no. 527261)
[ view plain ]
| 000 -LEADER | |
|---|---|
| fixed length control field | 00415nam a22001457a 4500 |
| 020 ## - INTERNATIONAL STANDARD BOOK NUMBER | |
| International Standard Book Number | 9788126903354 |
| 082 ## - DEWEY DECIMAL CLASSIFICATION NUMBER | |
| Classification number | 624 |
| Author Mark | VAR |
| 100 ## - MAIN ENTRY--PERSONAL NAME | |
| Personal name | Varshney, D.V |
| 245 ## - TITLE STATEMENT | |
| Title | Estimating for Civil Engineers / |
| Statement of responsibility, etc. | D.V. Varshney |
| 260 ## - PUBLICATION, DISTRIBUTION, ETC. | |
| Place of publication, distribution, etc. | Dehli : |
| Name of publisher, distributor, etc. | CBS Publishers & Distribution Pvt .Ltd, |
| Date of publication, distribution, etc. | 2017. |
| 300 ## - PHYSICAL DESCRIPTION | |
| Extent | 94 p. ; |
| 942 ## - ADDED ENTRY ELEMENTS (KOHA) | |
| Source of classification or shelving scheme | |
| Koha item type | Book |
| Withdrawn status | Lost status | Source of classification or shelving scheme | Damaged status | Not for loan | Permanent Location | Current Location | Shelving location | Date acquired | Source of acquisition | Cost, normal purchase price | Full call number | Barcode | Date last seen | Copy number | Price effective from | Koha item type |
|---|---|---|---|---|---|---|---|---|---|---|---|---|---|---|---|---|
| NUST Baluchistan Campus (NBC) | NUST Baluchistan Campus (NBC) | Book Cart | 07/23/2019 | Purchased | 0.00 | 624 VAR | Q-222 | 07/23/2019 | 1 | 07/23/2019 | Book | |||||
| NUST Baluchistan Campus (NBC) | NUST Baluchistan Campus (NBC) | Book Cart | 07/23/2019 | Purchased | 0.00 | 624 VAR | Q-223 | 07/23/2019 | 2 | 07/23/2019 | Book |
